Sound in building A guide to part E of the building regulations (Record no. 548943)
[ view plain ]
| 000 -LEADER | |
|---|---|
| fixed length control field | 00430nam a22001457a 4500 |
| 020 ## - INTERNATIONAL STANDARD BOOK NUMBER | |
| International Standard Book Number | 1405118830 |
| 082 ## - DEWEY DECIMAL CLASSIFICATION NUMBER | |
| Classification number | 693.83 |
| Author Mark | SIM |
| -- | N-1, P-111 |
| 100 ## - MAIN ENTRY--PERSONAL NAME | |
| Personal name | Simons, N.W |
| 9 (RLIN) | 45413 |
| 245 ## - TITLE STATEMENT | |
| Title | Sound in building A guide to part E of the building regulations |
| Statement of responsibility, etc. | Simons, N.W |
| 260 ## - PUBLICATION, DISTRIBUTION, ETC. | |
| Place of publication, distribution, etc. | USA |
| Name of publisher, distributor, etc. | Blackwell |
| Date of publication, distribution, etc. | 2004 |
| 300 ## - PHYSICAL DESCRIPTION | |
| Extent | xiv, 167 p. |
| Other physical details | ill. |
| Dimensions | 27 cm |
| 526 ## - STUDY PROGRAM INFORMATION NOTE | |
| Program name | 0 |
| Interest level | 0 |
| Reading level | 0 |
| Title point value | 693_830000000000000_SIM |
| 650 ## - SUBJECT ADDED ENTRY--TOPICAL TERM | |
| Topical term or geographic name entry element | NUST |
| 9 (RLIN) | 6342 |
| 942 ## - ADDED ENTRY ELEMENTS (KOHA) | |
| Source of classification or shelving scheme | |
| Koha item type | Book |
| Withdrawn status | Lost status | Source of classification or shelving scheme | Damaged status | Not for loan | Permanent Location | Current Location | Date acquired | Total Checkouts | Full call number | Barcode | Date last seen | Price effective from | Koha item type |
|---|---|---|---|---|---|---|---|---|---|---|---|---|---|
| Military College of Engineering (MCE) | Military College of Engineering (MCE) | 09/11/2014 | 693.83 SIM | MCE-37279 | 09/11/2014 | 09/11/2014 | Book |
